000 00815nas a2200277 4500
001 BR0002914
003 BR-BrBNA
005 20231205101906.0
007 ta
008 230509b bl.|||p| |||| 00| 00por d
040 _aBR-BrBNA
_bpor
_cBiblioteca Nacional de Agricultura
041 _a(Pt)
072 _aL72
100 1 _aVidal, A.
245 1 _aUtilizacao dos produtos Oxivet LA e Ganaseg no tratamento de tourinhos submetidos a premunicao
650 _aTouro
650 _aTristeza Parasitaria
650 _aInfeccao
650 _aMedicamento
650 _aImunizacao
650 _aTratamento
650 _aMinas Gerais
773 0 _tHora Veterinaria (Brazil)
_xISSN 0101-9163
_g(Mar-Apr 2000), v. 19(114) p. 15-18
_wBR0002914
909 _a202311
_bLúcia
_c55
_dLúcia Elande
942 _2AGRIS
_n0
_cANA
999 _c164551
_d164551